| 000 | 00651nam a22002057a 4500 | ||
|---|---|---|---|
| 003 | OSt | ||
| 005 | 20250709052021.0 | ||
| 008 | 250709b |||||||| |||| 00| 0 eng d | ||
| 020 | _a9786214060177 | ||
| 040 |
_aDWCL - Main lib _cOC |
||
| 082 | _aFil. 658.562 G917t 2016 | ||
| 100 | _aGuasch, Juan Martin R. | ||
| 245 |
_aTotal quality management/ _cJuan Martin R. Guasch |
||
| 260 |
_aManila : _b Mindshapers Co., _cc2016. |
||
| 300 |
_aviii, 234 pages : _bsome illustrations ; _cc2016. |
||
| 504 | _aIncludes bibliographical references. | ||
| 650 | _a1. Management. | ||
| 650 | _a2. Total quality management. | ||
| 942 |
_2ddc _cBK - FIL _kFil. _n0 |
||
| 999 |
_c3527 _d3527 |
||